000 00560nam a2200205Ia 4500
005 20250923144434.0
008 008 250917s9999 xx 000 0 eng d
037 _aTextual
040 _aDSWL
_beng
_cDSWL
041 _aeng
_2eng
084 _aY11:43zhp5:N48, J0
_qDSWL
100 _aBOSSE, T.
_9824907
245 0 _aHomeless children
_cby T. BOSSE
260 _aParis
_bUNESCO
_c1950
300 _a76 p.
365 _aINR
_b21.3
925 _g21.3
942 _cTEXL
_hY11:43zhp5:N48, J0
999 _c1438900
_d1438900